| 000 | 00859cam a2200253 a 4500 | ||
|---|---|---|---|
| 001 | 13057265 | ||
| 005 | 20180130043147.0 | ||
| 008 | 030114s2004 caua b 001 0 eng | ||
| 010 | _a 2003100505 | ||
| 020 | _a0534566391 (student ed. with InfoTrac college ed.) | ||
| 020 | _a0534566405 (student ed. without InfoTrac college ed.) | ||
| 035 | _a(DLC) 2003100505 | ||
| 040 |
_aDLC _cDLC _dDLC |
||
| 041 | _aeng | ||
| 080 | _a302.201 jul | ||
| 082 | 0 | 0 |
_a302.201 jul _222 |
| 100 | 1 | _a47 | |
| 101 | _aedu | ||
| 245 | 1 | 0 |
_aCommunication theories in action : _cJulia T. Wood. |
| 504 | _aIncludes bibliographical references (p. 337-363) and indexes. | ||
| 906 |
_a7 _bcbc _corignew _d2 _eepcn _f20 _gy-gencatlg |
||
| 942 |
_2ddc _cBK |
||
| 999 |
_c41250 _d41250 |
||